000 00643cam a2200217 4500500
005 20260329002836.0
041 _afre
042 _adc
100 1 0 _aNathan, Tobie
_eauthor
245 0 0 _aDostoïevski et la culpabilité
260 _c2013.
500 _a36
690 _aCulpabilité
690 _aFrédéric Gros
690 _aFrères Karamazov
690 _aLiberté
690 _aMartin Duru
690 _aMichel Eltchaninoff
786 0 _nPhilosophie magazine | 75 | 12 | 2013-12-01 | p. 44-44 | 1951-1787
856 4 1 _uhttps://shs.cairn.info/magazine-philosophie-magazine-2013-12-page-44?lang=fr&redirect-ssocas=7080
999 _c1818924
_d1818924